000 00857nam a22002777a 4500
999 _c3244
_d3244
003 OSt
005 20231108123235.0
008 231108b ||||| |||| 00| 0 eng d
020 _a9789835997273
040 _cKH8
082 _a400 SHU
100 _aShukri Isa,
_eauthor.
245 _aLiterasi Bahasa Melayu :
_bTingkatan 3 /
_cShukri Haji Isa.
260 _aPetaling Jaya ;
_bSasbadi Sdn. Bhd.,
_c2018.
300 _aviii, 141 pages :
_billustrations ;
_c21 cm x 29.6 cm.
440 _aSuper Skills Literasi
_nTingkatan 3
500 _aInclude answer
650 _aForeign language
_vBahasa Melayu
650 _aBahasa Melayu
_vExercise book
650 _aSecondary
_vExercise book
700 _aSuhaimi Khalid,
_eauthor.
700 _aMohd Isham Embong,
_eauthor.
700 _aJaya Masir,
_eauthor.
830 _aSuper Skills
942 _2ddc
_cTR